Il grande Gatsby /

Saved in:
Bibliografiske detaljer
Hovedforfatter: Fitzgerald, Francis S. (Author)
Andre forfattere: Pivano, Fernanda
Format: Bog
Sprog:italiensk
Udgivet: Milano : A. Mondadori, 1970
Udgivelse:[Nuova ed. con aggiornamenti bibliografici]
Serier:Oscar ; 35
Tags: Tilføj Tag
Ingen Tags, Vær først til at tagge denne postø!

MARC

LEADER 00000nam a22000007i 4500
001 IT\ICCU\UBO\2255821
003 ItRI
005 20260115232250.0
008 030724s1970 it |||||| ||||| |||||c
040 |b ita  |c importazione bologna sebina 
041 7 |a ita  |2 ISO-639-2 
100 1 |a Fitzgerald, Francis S.  |0 IT\ICCU\CFIV\007695  |4 aut 
240 1 4 |a The great Gatsby  |3 IT\ICCU\CFI\0012746  |9 Fitzgerald, Francis S. 
245 1 3 |a Il grande Gatsby /  |c Francis Scott Fitzgerald ; introduzione e traduzione di Fernanda Pivano. 
250 |a [Nuova ed. con aggiornamenti bibliografici] 
260 |a Milano :  |b A. Mondadori,  |c 1970 
300 |a 260 p. ;  |c 19 cm 
500 |a Sulle fonti: 3. ed. 
700 1 |a Pivano, Fernanda  |0 IT\ICCU\CFIV\037838 
790 1 |a Scott Fitzgerald, Francis  |3 IT\ICCU\SBNV\029777  |z Fitzgerald, Francis S. 
790 1 |a Fitzperald, Francos Scott  |3 IT\ICCU\SBNV\041411  |z Fitzgerald, Francis S. 
790 1 |a Fitzgerald, Francis Scott Key  |3 IT\ICCU\UBOV\746725  |z Fitzgerald, Francis S. 
790 1 |a Fitzgerald, Francis Scott  |3 IT\ICCU\USMV\642457  |z Fitzgerald, Francis S. 
830 0 |a Oscar ;  |v 35  |0 IT\ICCU\CFI\0000102 
942 |2 ddc  |c BK  |n 0 
952 |0 0  |1 0  |4 0  |6 DOC_813_520000000000000_FIT  |7 0  |9 23233  |a BO  |b BO  |d 2026-01-15  |i 9946  |l 0  |o DOC 813.52 FIT  |p BO9946  |r 2026-01-15 23:22:50  |w 2026-01-15  |x [Sebina 5] [1 v.]  |y BK  |z 1 v. 
999 |c 19811  |d 19811